The structure and social context of non-formal training in Lusaka (Record no. 76929)

MARC details
000 -LEADER
fixed length control field 00931nam a2200193 a 4500
008 - FIXED-LENGTH DATA ELEMENTS--GENERAL INFORMATION
fixed length control field 091202s1981 ||||||||||||||||| || u
050 ## - LIBRARY OF CONGRESS CALL NUMBER
Classification number UNZA-IAS(08)MPRR
100 ## - MAIN ENTRY--PERSONAL NAME
Personal name Hoppers, Wim H. M. L
245 14 - TITLE STATEMENT
Title The structure and social context of non-formal training in Lusaka
260 ## - PUBLICATION, DISTRIBUTION, ETC.
Place of publication, distribution, etc. Lusaka
Name of publisher, distributor, etc. University of Zambia Institute for African Studies
Date of publication, distribution, etc. 1981
300 ## - PHYSICAL DESCRIPTION
Extent 56p.
350 ## -
-- 0.00
490 ## -
-- Manpower research reports
500 ## - GENERAL NOTE
General note Manpower research reports no.8
650 ## - SUBJECT ADDED ENTRY--TOPICAL TERM
Topical term or geographic name entry element INFORMAL SECTOR--ECONOMICS--ZAMBIA
710 ## - ADDED ENTRY--CORPORATE NAME
Corporate name or jurisdiction name as entry element University of Zambia. Institute for African Studies
995 ## -
-- SPECIAL COLLECTIONS
-- 0.00
-- 03004929
-- CBU-MAIN LIBRARY (Kitwe)
-- 1
-- 0.00
-- UNZA-IAS(08)MPRR/8A
-- 8A
-- AVAILABLE
-- Dec 2, 2009
-- Z03004929
-- University Collection
995 ## -
-- SPECIAL COLLECTIONS
-- 0.00
-- 03004931
-- CBU-MAIN LIBRARY (Kitwe)
-- 1
-- 0.00
-- UNZA-IAS(08)MPRR/8B
-- 8B
-- AVAILABLE
-- Dec 2, 2009
-- Z03004931
-- University Collection
999 ## -
-- 76929
-- 76929
Holdings
Withdrawn status Lost status Source of classification or shelving scheme Damaged status Not for loan Permanent Location Current Location Shelving location Date acquired Total Checkouts Full call number Barcode Date last seen Copy number Price effective from Koha item type
          CBU-MAIN LIBRARY, KITWE. CBU-MAIN LIBRARY, KITWE.   04/25/2023   UNZA-IAS(08)MPRR8A Z03004929 04/25/2023 1 04/25/2023 SPECIAL COLLECTION
          CBU-MAIN LIBRARY, KITWE. CBU-MAIN LIBRARY, KITWE.   04/25/2023   UNZA-IAS(08)MPRR8B Z03004931 04/25/2023 2 04/25/2023 SPECIAL COLLECTION